000
00277nam a2200109Ia 4500
008
201231s9999 xx 000 0 und d
100
_a
Jones, Leo
245
0
_a
New International Business English
260
_a
Cambridge
_b
Cambridge University Press
300
_a
144
942
_c
BK
999
_c
9500
_d
9500